Railway Reasoning 5000+ Questions/ (Record no. 213460)

MARC details
000 -LEADER
fixed length control field 00694nam a22001937a 4500
005 - DATE AND TIME OF LATEST TRANSACTION
control field 20250926103821.0
010 ## - LCCN (DPL NO)
LC control number ENG-146855
020 ## - INTERNATIONAL STANDARD BOOK NUMBER
International Standard Book Number 9789364682312
Terms of availability 349.00
035 ## - SYSTEM CONTROL NUMBER
System control number EN-130387
037 ## - SOURCE OF ACQUISITION
Source of stock number/acquisition DBAD
082 ## - DEWEY DECIMAL CLASSIFICATION NUMBER
Edition number 1
Classification number 000
100 ## - MAIN ENTRY--PERSONAL NAME
Personal name Radhey Sir
245 ## - TITLE STATEMENT
Title Railway Reasoning 5000+ Questions/
Statement of responsibility, etc Radhey Sir
260 ## - PUBLICATION, DISTRIBUTION, ETC. (IMPRINT)
Place of publication, distribution, etc Uttar Pradesh
Name of publisher, distributor, etc S. Chand Publishing
Date of publication, distribution, etc 2025
270 ## - ADDRESS
Address D-92, Sector-2, Noida
City Uttar Pradesh
Postal code 201301
Telephone number 61-120-4682700
300 ## - PHYSICAL DESCRIPTION
Extent 312p.
Dimensions 27cm(pb)
500 ## - GENERAL NOTE
General note Chapter-wise Coverage with Detailed Explanation & Short Tricks | NTPC CBT 1 & 2, RPF SI, RRB Group D RRB JE & Other Railway Exams 2025
942 ## - ADDED ENTRY ELEMENTS (KOHA)
Source of classification or shelving scheme Dewey Decimal Classification
Item type English Books
Call number suffix RAD
Classification part 000
Holdings
Withdrawn status Lost status Not for loan Collection code Home library Current library Date acquired Source of acquisition Cost, normal purchase price Full call number Barcode Copy number Cost, replacement price Koha item type
      Non-fiction Central Library Central Library 26/09/2025 Delivery of Books Act Division 349.00 RAD 000 EN-130387 1 349.00 English Books

© Delhi Public Library
Hit Counter
free hit counter